Statistics for New York Knicks 20 Points Per Game Players

Click here to take the quiz!

General Stats

  • This quiz has been taken 16 times
  • The average score is 9 of 21

Answer Stats

# Players Last % Correct
11Patrick Ewing1997
100%
6Walt Frazier1975
93%
5Carmelo Anthony2017
93%
5Willis Reed1971
87%
1Amar'e Stoudemire2011
73%
1Kristaps Porziņģis2018
73%
3Bernard King1985
67%
2Allan Houston2003
67%
1David Lee2010
53%
2Earl Monroe1976
53%
1Stephon Marbury2005
40%
4Richie Guerin1963
27%
1Ray Williams1980
27%
2Bob McAdoo1979
13%
2Bill Cartwright1981
13%
1Dick Barnett1966
13%
1Jamal Crawford2008
7%
1Walt Bellamy1966
7%
3Willie Naulls1962
0%
1Al Harrington2009
0%
1Kenny Sears1959
0%

Score Distribution

Percentile by Number Answered

Percent of People with Each Score

Your Score History

You have not taken this quiz